Ms. kucing vs mr. cat (Record no. 138719)
[ view plain ]
| 000 -LEADER | |
|---|---|
| fixed length control field | 00680nam a2200241 i 4500 |
| 001 - CONTROL NUMBER | |
| control field | C2-0341701 |
| 003 - CONTROL NUMBER IDENTIFIER | |
| control field | PPAK |
| 005 - DATE AND TIME OF LATEST TRANSACTION | |
| control field | 20180728143319.0 |
| 008 - FIXED-LENGTH DATA ELEMENTS--GENERAL INFORMATION | |
| fixed length control field | 170608s my |||| ||||| | may d |
| 020 ## - INTERNATIONAL STANDARD BOOK NUMBER | |
| International Standard Book Number | 9789671412008 |
| 040 ## - CATALOGING SOURCE | |
| Original cataloging agency | PPAK |
| Language of cataloging | eng |
| Transcribing agency | PPAK |
| Description conventions | rda |
| 082 04 - DEWEY DECIMAL CLASSIFICATION NUMBER | |
| Classification number | 899.233 |
| Edition number | 23 |
| 090 00 - LOCALLY ASSIGNED LC-TYPE CALL NUMBER (OCLC); LOCAL CALL NUMBER (RLIN) | |
| Classification number (OCLC) (R) ; Classification number, CALL (RLIN) (NR) | 899.233 |
| Feature heading | HAS |
| Feature heading | G |
| 100 0# - MAIN ENTRY--PERSONAL NAME | |
| Personal name | Hasreeyati Ramli, |
| Relator term | author |
| 245 10 - TITLE STATEMENT | |
| Title | Ms. kucing vs mr. cat |
| 264 #1 - PRODUCTION, PUBLICATION, DISTRIBUTION, MANUFACTURE, AND COPYRIGHT NOTICE | |
| Place of production, publication, distribution, manufacture | Sungai Petani, Kedah : |
| Name of producer, publisher, distributor, manufacturer | Hasreeyati Ramli , |
| Date of production, publication, distribution, manufacture, or copyright notice | [date of publication not identified] |
| 300 ## - PHYSICAL DESCRIPTION | |
| Extent | 641 pages ; |
| Dimensions | 18 cm |
| 336 ## - CONTENT TYPE | |
| Source | rdacontent |
| Content type term | text |
| 337 ## - MEDIA TYPE | |
| Source | rdamedia |
| Media type term | unmediated |
| 338 ## - CARRIER TYPE | |
| Source | rdacarrier |
| Carrier type term | volume |
| 650 10 - SUBJECT ADDED ENTRY--TOPICAL TERM | |
| Topical term or geographic name entry element | Malay fiction. |
| 942 ## - ADDED ENTRY ELEMENTS (KOHA) | |
| -- | dc |
| Koha item type | Book |
| Withdrawn | Not for loan | Current library | Shelving location | Date acquired | Total Checkouts | Full call number | Barcode | Date last seen | Date last checked out | Koha item type | Total Renewals |
|---|---|---|---|---|---|---|---|---|---|---|---|
| Perpustakaan Alor Setar | Pinjaman Dewasa | 14/06/2017 | 11 | 899.233 HAS | A01523201 | 24/11/2024 | 17/11/2024 | Book | 4 | ||
| Perpustakaan Alor Setar | Pinjaman Dewasa | 14/06/2017 | 6 | 899.233 HAS | A01523202 | 21/02/2024 | 22/01/2024 | Book | 1 | ||
| Perpustakaan Awam Sungai Petani | Pinjaman Dewasa | 14/06/2017 | 2 | 899.233 HAS | A01523203 | 01/06/2019 | 11/05/2019 | Book | 2 | ||
| Perpustakaan Baling | Pinjaman Dewasa | 14/06/2017 | 899.233 HAS | A01523209 | 11/12/2018 | Book | 1 | ||||
| Perpustakaan Bandar Baharu | Pinjaman Dewasa | 14/06/2017 | 1 | 899.233 HAS | A01523210 | 20/11/2023 | 07/11/2023 | Book | |||
| Perpustakaan Jitra | Pinjaman Dewasa | 14/06/2017 | 6 | 899.233 HAS | A01523204 | 30/09/2020 | 06/09/2020 | Book | |||
| Perpustakaan Kuala Nerang | Pinjaman Dewasa | 14/06/2017 | 6 | 899.233 HAS | A01523211 | 24/03/2024 | 29/02/2024 | Book | 5 | ||
| Perpustakaan Kulim | Pinjaman Dewasa | 14/06/2017 | 5 | 899.233 HAS | A01523206 | 06/09/2020 | 15/08/2020 | Book | |||
| Perpustakaan Langkawi | Pinjaman Dewasa | 14/06/2017 | 4 | 899.233 HAS | A01523205 | 05/08/2024 | 04/07/2024 | Book | |||
| Perpustakaan Merbok | Pinjaman Dewasa | 14/06/2017 | 899.233 HAS | A01523212 | 09/05/2018 | Book | |||||
| Withdrawn | Perpustakaan Pendang | Pinjaman Dewasa | 14/06/2017 | 899.233 HAS | A01523213 | 09/05/2018 | Book | ||||
| Perpustakaan Sik | Pinjaman Dewasa | 14/06/2017 | 6 | 899.233 HAS | A01523208 | 04/09/2023 | 14/08/2023 | Book | |||
| Perpustakaan Yan | Pinjaman Dewasa | 14/06/2017 | 1 | 899.233 HAS | A01523207 | 13/06/2022 | 02/06/2022 | Book | |||
| Bergerak 1, Alor Setar | Pinjaman Dewasa | 14/06/2017 | 899.233 HAS | A01523214 | 09/05/2018 | Book | |||||
| Bergerak 4, Sungai Petani | Pinjaman Dewasa | 14/06/2017 | 899.233 HAS | A01523216 | 09/05/2018 | Book | |||||
| Bergerak 5, Kulim | Pinjaman Dewasa | 14/06/2017 | 899.233 HAS | A01523217 | 09/05/2018 | Book |